Brownfield sites 2002 statistics (Record no. 73522)

MARC details
000 -LEADER
fixed length control field 00874cam a2200205 4500
001 - CONTROL NUMBER
control field WB3937-07
008 - FIXED-LENGTH DATA ELEMENTS--GENERAL INFORMATION
fixed length control field 031001n2003 000 0 eng u
035 ## - SYSTEM CONTROL NUMBER
System control number (Sirsi) u123803
245 ## - TITLE STATEMENT
Title Brownfield sites 2002 statistics
260 ## - PUBLICATION, DISTRIBUTION, ETC.
Date of publication, distribution, etc. 2003
490 ## - SERIES STATEMENT
Series statement ODPM News Release
Volume/sequential designation (2003/0201) 29 September 2003 (5)
520 ## - SUMMARY, ETC.
Summary, etc. The National Land Use Database of Previously-Developed Land for 2002 showed little change since 2001, as a continuous flow of new previously-developed land compensated for brownfield land that had been developed. More information is available from http://www.odpm.gov.uk. http://www.odpm.gov.uk/pns/DisplayPN.cgi?pn_id=2003_0201
590 ## - LOCAL NOTE (RLIN)
Local note WB
650 ## - SUBJECT ADDED ENTRY--TOPICAL TERM
Topical term or geographic name entry element BROWNFIELD SITES
650 ## - SUBJECT ADDED ENTRY--TOPICAL TERM
Topical term or geographic name entry element PREVIOUSLY DEVELOPED LAND
650 ## - SUBJECT ADDED ENTRY--TOPICAL TERM
Topical term or geographic name entry element NATIONAL LAND USE DATABASE
650 ## - SUBJECT ADDED ENTRY--TOPICAL TERM
Topical term or geographic name entry element STATISTICS
690 ## - LOCAL SUBJECT ADDED ENTRY--TOPICAL TERM (OCLC, RLIN)
Topical term or geographic name as entry element PROPERTY-PROPERTY DEVELOPMENT
942 ## - ADDED ENTRY ELEMENTS (KOHA)
Suppress in OPAC 0
Holdings
Withdrawn status Lost status Source of classification or shelving scheme Damaged status Not for loan Home library Current library Shelving location Date acquired Total Checkouts Full call number Barcode Date last seen Copy number Price effective from Koha item type
    Dewey Decimal Classification     London London News article 01/10/2003   WB3937-07 123803-1001 06/08/2019 1 06/08/2019 News article